00265nam a2200109Ia 4500008004100000100001800041245001400059260000900073300003300082440002400115650001600139180117s9999 xx 000 0 und d aby Zac Sarian aAgri Talk c2016 a25-26 pages, 2016 January 24 aPhilippine Panorama aAGRICULTURE